Регионална библиотека "Любен Каравелов" - Русе

К истории немецкаго и чешкаго Луцидарiусов (Запис номер 344031)

MARC детайли
000 -Лидер
Контролно поле с фиксирана дължина 00857nam a2200253 c 4500
003 - Код на организацията, давaща контролен номер
Контролно поле BLK
005 - Дата и час на последна редакция
Контролно поле 20190913121256.0
008 - Елементи от данни с фиксирана дължина
fixed length control field 180911b bul|||||r ||||||| ||bul||
010 ## - Наследен системен номер
LC control number 003694
040 ## - Източник на каталожния запис
Идентификатор на билиотеката - собственик на записа BLK
041 ## - Код за език
Код за езика на текст/звукозапис или на отделно заглавие Руски
080 ## - УДК
УДК - код + определител 091(430:437.1)(091)
100 1# - Редна дума - Автор
Автор АРХАНГЕЛЬСКИЙ, А.
Авторска отговорност първи автор
245 00 - Сведения за заглавието
Заглавие К истории немецкаго и чешкаго Луцидарiусов
260 ## - Област на издателските данни
Място на издаване, разпространение и проч. Казань
Име на издателя, разпространителя и проч. Импер. унив.
Година на издаване 1897
300 ## - Физическа характеристика
Страници 106 с
Размери/Мащаб 25 см
380 ## - Жанр
Жанр Общ отдел
490 ## - СЕРИИ (Колекции)
Име на серия Частна колекция - Академик Михаил Арнаудов
Бележки за серията Дарение - Основен фонд
520 ## - Забележка за наличие на резюме, анотация и т.н
Анотация, рецензия, сканиран текст Михаил Арнаудов: подпис
655 ## - Ключова дума – жанр/разновидност
Данни за жанр/разновидност или ключова дума за фокус Ръкописи
700 1# - Други автори (авторска отговорност)
Лично име А. С. Архангельский
852 ## - Местоположение
Форматна сигнатура МА 3758
942 ## - АРТИКУЛИ
Вид на библиотечния материал Книги
Скрит в OPAC Не
944 ## - СЪЗДАВАНЕ И РЕДАКЦИЯ на ЗАПИСА
Създаване/Редакция Създаване
Дата на регистрацията/редакция 1994
999 ## - СИСТЕМНИ КОНТРОЛНИ НОМЕРА
Koha biblionumber 344031
Koha biblioitemnumber 344031
Наличности
Код за отписване Код за изгубен артикул Източник на класификационната схема Код за повреда Коз за рестрикции Код за отдаване Артикулен № Име на библиотеката - собственик Име на библиотеката, в която се намира в момента Статус (Текущо местоположение) Местоположение - отдел Цена в лева Инвентарен номер Систематично азбучна сигнатура Баркод Номер на екземпляра Цена в евро Служебен тип на артикула Бележка за публиката
  Не е изгубен Universal Decimal Classification Не е повреден без рестрикции Специални фондове ( старопечатни, редки и ценни, фонд М. Арнаудов) 744381 Регионална библиотека "Любен Каравелов" Русе Регионална библиотека "Любен Каравелов" Русе Фонд "Михаил Арнаудов" Фонд "Михаил Арнаудов" 10.00 590004 МА 3758 120000590004 1 5.11 Книги
Vip Innovations Ltd, Rousse, Bulgaria 2025